00680nam a22001697a 450000500170000000800410001704100230005808200130008110000230009424500340011726000870015130000300023865000260026894200240029499900150031895201770033320240823083516.0240823b |||||||| |||| 00| 0 eng d aEnglish/Afrikaans  a349 LAW  lEnglish/Afrikaans  aThe Laws of South West Africa aWindhoek: bOrder of the Honourable the Administrator of South West Africa, c1971 blxi, 203 pages; c25 cm.  aLegal practice bLaw  cBK6ALISON_BN_VRIES c2827d2827 00102ddc406349_000000000000000_LAW708 Proclamation and Ordinance 95502aLSNbLSNcLASWAd2024-08-23l0o349 LAW pLSN/2023/4038r2025-04-07 00:00:00w2024-08-23yBK